000 00250nam a22001217a 4500
020 _a9789388462587
082 _a510
_bOSW/M
245 _aQUESTION BANK
260 _aAGRA
_bOSWAAL BOOKS
300 _a296
650 _aQUESTION BANK
_zAGRA
942 _cBK
999 _c6872
_d6872